<?xml version="1.0" encoding="UTF-8"?><?xml-stylesheet type="text/xsl" href="static/style.xsl"?><OAI-PMH xmlns="http://www.openarchives.org/OAI/2.0/" xmlns:xsi="http://www.w3.org/2001/XMLSchema-instance" xsi:schemaLocation="http://www.openarchives.org/OAI/2.0/ http://www.openarchives.org/OAI/2.0/OAI-PMH.xsd"><responseDate>2026-04-14T02:36:28Z</responseDate><request verb="GetRecord" identifier="oai:www.recercat.cat:20.500.12327/2690" metadataPrefix="marc">https://recercat.cat/oai/request</request><GetRecord><record><header><identifier>oai:recercat.cat:20.500.12327/2690</identifier><datestamp>2025-10-22T11:22:59Z</datestamp><setSpec>com_2072_4428</setSpec><setSpec>com_2072_4427</setSpec><setSpec>col_2072_487898</setSpec></header><metadata><record xmlns="http://www.loc.gov/MARC21/slim" xmlns:dcterms="http://purl.org/dc/terms/" xmlns:xsi="http://www.w3.org/2001/XMLSchema-instance" xmlns:doc="http://www.lyncode.com/xoai" xsi:schemaLocation="http://www.loc.gov/MARC21/slim http://www.loc.gov/standards/marcxml/schema/MARC21slim.xsd">
   <leader>00925njm 22002777a 4500</leader>
   <datafield ind2=" " ind1=" " tag="042">
      <subfield code="a">dc</subfield>
   </datafield>
   <datafield ind2=" " ind1=" " tag="720">
      <subfield code="a">Carrasco-Cuello, Francisca</subfield>
      <subfield code="e">author</subfield>
   </datafield>
   <datafield ind2=" " ind1=" " tag="720">
      <subfield code="a">Jené , Laia</subfield>
      <subfield code="e">author</subfield>
   </datafield>
   <datafield ind2=" " ind1=" " tag="720">
      <subfield code="a">Dolcet-Sanjuan, Ramon</subfield>
      <subfield code="e">author</subfield>
   </datafield>
   <datafield ind2=" " ind1=" " tag="720">
      <subfield code="a">Quiñones, Ana</subfield>
      <subfield code="e">author</subfield>
   </datafield>
   <datafield ind2=" " ind1=" " tag="720">
      <subfield code="a">Rufat, Josep</subfield>
      <subfield code="e">author</subfield>
   </datafield>
   <datafield ind2=" " ind1=" " tag="720">
      <subfield code="a">Torres, Estanis</subfield>
      <subfield code="e">author</subfield>
   </datafield>
   <datafield ind2=" " ind1=" " tag="260">
      <subfield code="c">2023-11-28</subfield>
   </datafield>
   <datafield ind2=" " ind1=" " tag="520">
      <subfield code="a">Calcium-labelled (44Ca) uptake and transport under in vitro GreenTray® temporary immersion bioreactor conditions have been studied related to aeration conditions. For this aim, Rootpac®-20 (RP-20) and Garnem® (G × N) were selected as two main rootstocks used in peach production. Two transpiration conditions, aerated and unaerated, were established for each plant material. 44Ca location, plant development and foliar stomata surface were measured after the in vitro culture period. The results showed that aeration improved Ca transport within the shoot, but it did not enhance Ca uptake by the roots. Regarding plant material, G × N presented a better Ca uptake capacity and concentration. The findings suggest that Ca uptake in the roots is a precise process that is influenced by transpiration. However, it was observed that transpiration and thus the water flux is not the only force promoting Ca uptake by roots. Furthermore, the transport of Ca to the shoot was primarily determined by transpiration, indicating that water flux plays a crucial role in the aboveground movement of Ca. The study also revealed distinct behaviors in Ca uptake and allocation between the different peach rootstocks, emphasizing the importance of considering these factors in the selection process of rootstocks. These findings contribute to our understanding of the mechanisms involved in Ca uptake and transport in peach rootstocks under in vitro conditions. They provide valuable insights for rootstock selection processes and highlight the need for further research in this area.</subfield>
   </datafield>
   <datafield ind1="8" ind2=" " tag="024">
      <subfield code="a">Carrasco-Cuello, F., Laia Jené, Ramón Dolcet-Sanjuan, Ana Quiñones, J. Rufat, and Estanis Torres. 2024. “Differential Response to Calcium-Labelled (44Ca) Uptake and Allocation in Two Peach Rootstocks in Relation to Transpiration under in Vitro Conditions.” Scientia Horticulturae 326 (February): 112718. https://doi.org/10.1016/j.scienta.2023.112718.</subfield>
   </datafield>
   <datafield ind1="8" ind2=" " tag="024">
      <subfield code="a">0304-4238</subfield>
   </datafield>
   <datafield ind1="8" ind2=" " tag="024">
      <subfield code="a">http://hdl.handle.net/20.500.12327/2690</subfield>
   </datafield>
   <datafield ind1="8" ind2=" " tag="024">
      <subfield code="a">https://doi.org/10.1016/j.scienta.2023.112718</subfield>
   </datafield>
   <datafield ind2="0" ind1="0" tag="245">
      <subfield code="a">Differential response to calcium-labelled (44Ca) uptake and allocation in two peach rootstocks in relation to transpiration under in vitro conditions</subfield>
   </datafield>
</record></metadata></record></GetRecord></OAI-PMH>